Statistiche per Scrivi lo Stato Europeo Valido

Clicka qui per fare il quiz!

Statistiche generali

  • Questo quiz è stato fatto 3.772 volte
  • Il punteggio medio è 14 su 18

Statistiche sulle risposte

Scrivi lo Stato Europeo…Stati Validi% Corretto
...nelle AlpiAustria | Francia | Germania | Italia | Liechtenstein | Monaco | Slovenia | Svizzera
99%
...che confina con la RussiaBielorussia | Estonia | Finlandia | Lettonia | Lituania | Norvegia | Polonia | Ucraina
99%
...che partecipò al primo EurovisionBelgio | Francia | Germania | Italia | Lussemburgo | Paesi Bassi | Svizzera
97%
...con più di una parolaBosnia ed Erzegovina | Città del Vaticano | Nord Macedonia | Paesi Bassi | Repubblica Ceca | Regno Unito | San Marino
96%
...con meno di 100.000 abitantiAndorra | Città del Vaticano | Liechtenstein | Monaco | San Marino
95%
...non nell'Unione EuropeaAlbania | Andorra | Bielorussia | Bosnia ed Erzegovina | Città del Vaticano | Islanda | Kosovo | Liechtenstein | Moldova | Monaco | Montenegro | Nord Macedonia | Norvegia | Regno Unito | Russia | San Marino | Serbia | Svizzera | Ucraina
93%
...attraversato dal DanubioAustria | Bulgaria | Croazia | Germania | Moldova | Romania | Serbia | Slovacchia | Ucraina | Ungheria
92%
...che è un Paese insulareIslanda | Irlanda | Malta | Regno Unito
87%
...che non ha il rosso nella propria bandieraBosnia ed Erzegovina | Estonia | Finlandia | Grecia | Irlanda | Kosovo | San Marino | Svezia | Ucraina
86%
...con un'aspettativa di vita sotto i 75 anniBielorussia | Bulgaria | Lettonia | Lituania | Moldova | Romania | Russia | Ucraina
77%
...con una 'H' nel nomeLiechtenstein | Slovacchia | Ungheria
76%
...con un'altitudine media sotto i 100 mCittà del Vaticano | Danimarca| Estonia | Lettonia | Monaco | Paesi Bassi
75%
...non nella NATOAndorra | Austria | Bielorussia | Bosnia ed Erzegovina | Città del Vaticano | Irlanda | Kosovo | Liechtenstein | Malta | Moldova | Monaco| Russia | San Marino | Serbia | Svezia | Svizzera | Ucraina
70%
..con una Capitale di 4 lettereItalia | Lettonia | Norvegia | Ucraina
69%
...che è entrato nell'Eurozona dopo il 2000Croazia | Estonia | Grecia | Lettonia | Lituania | Malta | Slovacchia | Slovenia
62%
...con l'italiano come lingua ufficiale (non includendo l'Italia)Città del Vaticano | San Marino | Svizzera
59%
...con più della metà della superficie è ricoperta di foresteEstonia | Finlandia | Lettonia | Montenegro | Slovenia | Svezia
37%
...dove almeno il 97.5% della popolazione usa internetEstonia | Islanda | Liechtenstein | Norvegia
36%

Distribuzione punteggi

Percentile per numero di risposta

Percentuale di utenti per punteggio

I tuoi punteggi nel tempo

Non hai fatto questo quiz